| 000 | 01352nam a22002297a 4500 | ||
|---|---|---|---|
| 999 |
_c62737 _d62737 |
||
| 005 | 20250204111106.0 | ||
| 008 | 250204s2014 ru ||||| |||| 00| 0 rus d | ||
| 020 | _a9785799613525 | ||
| 041 | _arus | ||
| 080 | _a001.1 P-85 | ||
| 245 |
_aРуководство по наукометрии: индикаторы развития науки и технологии : _bмонография / _c М. А. Акоев, В. А.Маркусова, О. В. Москалева, В. В. Писляков. |
||
| 264 |
_aЕкатеринбург : _bИздательство Уральского университета, _c2014. |
||
| 300 |
_a250 стр. _b23 см. |
||
| 653 | _aმეცნიერომეტრიის გზამკვლევი | ||
| 653 | _aმეცნიერებისა და ტექნოლოგიების განვითარების ინდიკატორები | ||
| 700 |
_a Акоев, М. А. _eავტორი, რედაქტორი _924238 |
||
| 700 |
_aМаркусова, В. А. _924235 |
||
| 700 |
_aМоскалева, О. В. _eავტორი _924239 |
||
| 700 |
_aПисляков,В. В. _eავტორი _924240 |
||
| 856 |
_uhttps://kubsau.ru/upload/science/pub-act/guide_to_scientometrics.pdf _yელ. ვერსია |
||
| 942 |
_2udc _cᲬᲘᲒᲜᲘ |
||